| 000 | 00000cam 2200000zi 4500 |
| 001 | 9.557509 |
| 003 | CaOODSP |
| 005 | 20210624171926 |
| 007 | cr ||||||||||| |
| 008 | 150406s2001||||xxc|||||o f|0| 0 eng d |
| 020 | |a0-660-18338-2 |
| 022 | |a1205-9153 |
| 040 | |aCaOODSP|beng |
| 043 | |an-cn--- |
| 086 | 1 |aCS11-0019/153E-PDF |
| 100 | 1 |aPhimister, Euan, |eauthor. |
| 245 | 00|aFemale employment rates and labour market attachment in rural Canada / |cby Euan Phimister, Esperanza Vera-Toscano and Alfons Weersink. |
| 260 | |aOttawa, Ontario : |bStatistics Canada, |cJanuary 2001. |
| 300 | |a1 online resource (19 pages) : |breferences, tables. |
| 490 | 1 |aAnalytical Studies Branch research paper series ; |x1205-9153|vNo. 153 |
| 500 | |aThe catalogue number (11F0019MPE) and ISSN (1200-5223) for the print edition have been incorrectly copied in this electronic publication. |
| 590 | |a12-34-Supp|b2012-07-31 |
| 710 | 2 |aStatistics Canada, |eissuing body. |
| 775 | 08|tTaux d'emploi et participation à la vie active des Canadiennes vivant en milieu rural / |w(CaOODSP)9.590764 |
| 776 | 0#|tFemale employment rates and labour market attachment in rural Canada / |w(CaOODSP)9.615385 |
| 830 | #0|aResearch paper series (Statistics Canada. Analytical Studies Branch)|x1205-9153|vNo. 153|w(CaOODSP)9.504421 |
| 856 | 40|ahttp://publications.gc.ca|qPDF|s83 KB|uhttps://publications.gc.ca/collections/collection_2012/statcan/11f0019m/11f0019m2001153-eng.pdf|yNo. 153 |